000 00449nam a2200145Ia 4500
008 100204s9999 xx 000 0 und d
082 _b13614
100 _aशेट््ये चंद्र्रकांत
245 _aगमत्या
260 _bचंद्र्रकांत शेटये प्रकाशन
_c1985
300 _a116
630 _aगमत्या
730 _aगमत्या
942 _cBOOK
999 _c458046
_d458043